Fortificació ibèrica del turó del Montgròs : el Brull el Brull
Publicado:
Barcelona :
Diputació de Barcelona. Àrea de d'Espais Naturals. Oficina del Parc natural del Montseny : Diputació de Barcelona. Àrea d'Infraestructures, Urbanisme i Habitatge. Servei de Patrimoni Arqueològic Local ,
2007
Descripción Física:
1 f. plegat en 4 parts ; 21 cm
MARC
| LEADER | 00000nam a2200000Ia 4500 | ||
|---|---|---|---|
| 001 | 23798 | ||
| 003 | BGR | ||
| 005 | 20260324180613.0 | ||
| 008 | 160829s2007 xx 000 0 cat d | ||
| 080 | |a FU-62-43 | ||
| 245 | |a Fortificació ibèrica del turó del Montgròs : |b el Brull | ||
| 260 | |a Barcelona : |b Diputació de Barcelona. Àrea de d'Espais Naturals. Oficina del Parc natural del Montseny : |b Diputació de Barcelona. Àrea d'Infraestructures, Urbanisme i Habitatge. Servei de Patrimoni Arqueològic Local, |c 2007 | ||
| 300 | |a 1 f. plegat en 4 parts ; |c 21 cm | ||
| 650 | |a Fortificacions primitives |9 49822 | ||
| 650 | |a Ibers |9 30021 | ||
| 710 | |a Barcelona (Catalunya : Província). |b Servei de Patrimoni Arquitectònic Local |9 19202 | ||
| 710 | 1 | |a Barcelona (Catalunya : Província). |b Diputació |b Oficina del Parc natural del Montseny |9 52408 | |
| 901 | |a Arxiu | ||
| 942 | |n 1 |2 udc |c MON | ||
| 952 | |0 0 |1 0 |4 0 |6 FU6243 |7 1 |9 55617 |a Arxiu |b Arxiu |d 2016-12-01 |l 0 |o FU-62-43 |p 23798 |r 2016-12-01 00:00:00 |w 2016-12-01 |y ARXIU | ||
| 999 | |c 59490 |d 59490 | ||